Score 0/44 Timer 07:00
0 Plays Today
Year Novel % Correct
1990Get Shorty
78.9%
1992Rum Punch
55.4%
1999Be Cool
49.6%
1996Out of Sight
46.6%
2012Raylan
36.8%
1985Glitz
33.1%
1993Pronto
32.8%
1961Hombre
32.5%
1983Stick
32.5%
1976Swag
32.2%
1991Maximum Bob
31.9%
1988Freaky Deaky
31.6%
1989Killshot
30.9%
1995Riding the Rap
30%
1998Cuba Libre
29.9%
1969The Big Bounce
29.2%
197452 Pick Up
28.4%
1983LaBrava
28.4%
2005The Hot Kid
28%
2002Tishomingo Blues
27.2%
2000Pagan Babies
26.5%
2010Djibouti
26.1%
Year Novel % Correct
1974Mr. Majestyk
25.7%
2009Road Dogs
25.7%
1987Touch
25.3%
2007Up in Honey's Room
25.1%
1978The Switch
24.9%
1987Bandits
24.8%
1953The Bounty Hunters
23.9%
1982Cat Chaser
23.6%
1970Valdez is Coming
22%
2004Mr. Paradise
22%
1980City Primeval
21.6%
1981Split Images
21.4%
1980Gold Coast
20.9%
1977The Hunted
20.7%
1977Unknown Man No. 89
20.4%
1972Forty Lashes Less One
20.1%
1969The Moonshine War
19.9%
1959Last Stand at Saber River
19.7%
1979Gunsights
19.2%
1954The Law at Randado
18.5%
2004A Coyote's in the House
18.1%
1956Escape from Five Shadows
16.5%
Remove Ads.
Support Sporcle.
Get the best of Sporcle when you Go Orange. This ad-free experience offers more features, more stats, and more fun while also helping to support Sporcle. Thank you for becoming a member.

You're not logged in!

Compare scores with friends on all Sporcle quizzes.
OR
Log In

Show Comments

Extras

Top Quizzes Today


Score Distribution

Your Account Isn't Verified!

In order to create a playlist on Sporcle, you need to verify the email address you used during registration. Go to your Sporcle Settings to finish the process.

Report this User

Report this user for behavior that violates our Community Guidelines.

Details: